Medzinárodné organizácie a ich podpora rozvojovým krajinám so zameraním sa na UNCTAD, UNIDO a FAO diplomová práca

Salvato in:
Dettagli Bibliografici
Autore principale: Vaterková, Zuzana
Ente Autore: Obchodná fakulta EU. Katedra medzinárodného obchodu
Altri autori: Baumgartner, Boris
Natura: Libro
Lingua:slovacco
Pubblicazione: Bratislava 2015
Tags: Aggiungi Tag
Nessun Tag, puoi essere il primo ad aggiungerne!!

MARC

LEADER 00000nbm a2200000 4500
001 0203023
005 20161212103518.3
041 0 |a slo 
044 |a SK 
245 1 0 |a Medzinárodné organizácie a ich podpora rozvojovým krajinám so zameraním sa na UNCTAD, UNIDO a FAO  |b diplomová práca  |c Zuzana Vaterková ; školiteľ: Boris Baumgartner 
264 1 |a Bratislava  |c 2015 
300 |a 82 s. 
100 1 |a Vaterková, Zuzana 
700 1 |a Baumgartner, Boris 
710 2 |a Obchodná fakulta EU. Katedra medzinárodného obchodu